Todos los lugares, toda la luz / (Registro nro. 38564)

Detalles MARC
000 -CABECERA
Longitud fija campo de control 00957nam a22002775i 4500
003 - • IDENTIFICADOR DELl NÚMERO DE CONTROL
Identificador del número de control CO-BoRNBP
005 - • FECHA Y HORA DE LA ÚLTIMA TRANSACCIÓN
Fecha y hora de la última transacción 20241120175139.0
007 - • CAMPO FIJO DE DESCRIPCIÓN FÍSICA
Campo fijo de descripción física ta
008 - • CÓDIGOS DE INFORMACIÓN DE LONGITUD FIJA
Códigos de información de longitud fija 240620s2022 ck gr 000 0 spa d
020 ## - • NÚMERO INTERNACIONAL NORMALIZADO PARA LIBROS
Número Internacional Normalizado para Libros (ISBN) 9789585228467
040 ## - FUENTE DE LA CATALOGACIÓN
Centro catalogador de origen CO-BoUNC
Lengua de catalogación spa
Normas de descripción rda
Centro transcriptor CO-BoUNC
041 ## - • CÓDIGO DE LENGUA
Código de lengua original spa
043 ## - CÓDIGO DE ÁREA GEOGRÁFICA
Código de área geográfica s-ck---
082 ## - • NÚMERO DE LA CLASIFICACIÓN DECIMAL DEWEY
Número de clasificación (R) 861.5 T62a
Número del ítem T62a
245 00 - • TITULO PROPIAMENTE DICHO
Título Todos los lugares, toda la luz /
Mención de responsabilidad, etc. Jaime Fernández Molano, Fernando Linero Montes, compiladores; Olga Malaver [y otros siete], autores.
250 ## - • MENCIÓN DE EDICIÓN
Mención de edición Primera edición
264 #1 - PRODUCCIÓN, PUBLICACIÓN , DISTRIBUCIÓN, FABRICACIÓN Y COPYRIGHT
Lugar de producción, publicación, distribución, fabricación Villavicencio, Colombia.
Nombre del productor, editor, distribuidor, fabricante Corporación cultural entreletras,
Fecha de de producción, publicación, distribución, fabricación o copyright 2022.
300 ## - • DESCRIPCIÓN FÍSICA
Extensión 146 páginas ;
Dimensiones 23 cm.
336 ## - TIPO DE CONTENIDO
Término de tipo de contenido texto
Código de tipo de contenido txt
Fuente rdacontent
337 ## - TIPO DE MEDIO
Nombre del tipo de medio sin mediación
Código del tipo de medio n
Fuente rdamedia
338 ## - TIPO DE SOPORTE
Nombre del tipo de soporte volumen
Código del tipo de soporte nc
Fuente rdacarrier
650 ## - • PUNTO DE ACCESO ADICIONAL DE MATERIA - TÉRMINO DE MATERIA
Fuente del encabezamiento o término LEMB
Término de materia o nombre geográfico como elemento inicial Antología poética
700 1# - • PUNTO DE ACCESO ADICIONAL - NOMBRE DE PERSONA
Nombre de persona Orlando Peña Rodríguez
Término indicativo de función Coordinación
700 1# - • PUNTO DE ACCESO ADICIONAL - NOMBRE DE PERSONA
Nombre de persona Diego Torres
Término indicativo de función Diseño y diagramación
942 ## - ENTRADA DE ELEMENTOS AGREGADOS (KOHA)
Fuente de clasificaión o esquema Dewey Decimal Classification
Koha [por defecto] tipo de item Libro Literatura
Existencias
Perdido Fuente de clasificación o esquema Estado Físico No para préstamo Localización permanente Localización actual Fecha adquisición Préstamos totales Signatura completa Código de barras Fecha última consulta Número de copia Fecha del precio de reemplazo Tipo de item de Koha Forma de adquisición Localización en estanterías Note pública Número de registro Fuente de adquisición Calificador de ubicación codificada
  Dewey Decimal Classification     Biblioteca Pública Dorado Biblioteca Pública Dorado 03/31/2025   861.5 T62a T62a DOR01279 03/31/2025 Ej.1 03/31/2025 Libro Literatura Colección General General        
  Dewey Decimal Classification     Biblioteca Pública San Carlos de Guaroa - Eduardo Carranza Biblioteca Pública San Carlos de Guaroa - Eduardo Carranza 02/10/2025   861.5 T62a T62a SG02248 02/10/2025 Ej.1 02/10/2025 Libro Literatura Colección General Literatura        
  Dewey Decimal Classification     Biblioteca Pública Acacias - Carlos María Hernández Rojas Biblioteca Pública Acacias - Carlos María Hernández Rojas 06/27/2025   861.5 T62a ACA02689 06/27/2025 Ej.1 06/27/2025 Libro Literatura Colección General General        
        Biblioteca Pública Departamental Eduardo Carranza - Villavicencio Biblioteca Pública Departamental Eduardo Carranza - Villavicencio 01/10/2023   Co861.5 T62a ECA28327 11/26/2024 Ej.1 11/26/2024 LIbro Colección Depósito Legal del Meta Local Patrimonial 21682 | 27292      
  Dewey Decimal Classification     Biblioteca Pública Guamal Biblioteca Pública Guamal 11/20/2024   861.5 T62a GUA004531 11/20/2024 Ej.1 11/20/2024 Libro Literatura            
  Dewey Decimal Classification     Biblioteca Pública La Macarena Biblioteca Pública La Macarena 02/17/2025   861.5 T62a LM02038 02/17/2025 Ej.1 02/17/2025 Libro Literatura Colección General Literatura        
  Dewey Decimal Classification     Biblioteca Pública Mesetas - Franco lodo Poloxi Biblioteca Pública Mesetas - Franco lodo Poloxi 08/20/2025   C MOL ME0737 12/09/2024 Ej.1 12/09/2024 Libro Literatura Infantil Sala Infantil        
  Clasificación Local Facetada     Biblioteca Pública Puerto Concordia Biblioteca Pública Puerto Concordia 03/03/2026   861.5 T62a PCON02435 03/03/2026 Ej.1 03/03/2026 Libro Literatura Colección General General        
  Dewey Decimal Classification     Biblioteca Pública Rural El Yarí- vereda Playa Rica La Macarena Biblioteca Pública Rural El Yarí- vereda Playa Rica La Macarena 06/12/2025   861.5 T62a T62a 9789585228467 07/03/2025 Ej.1 07/03/2025 Libro Literatura Colección General General     ministerio de cultura 9789585228467
  Dewey Decimal Classification     Biblioteca Pública Vistahermosa Biblioteca Pública Vistahermosa 12/17/2024   861.5 T62a T62a VIST 0001477 12/17/2024 Ej.1 12/17/2024 Libro Literatura       861.5 T62a    









Instituto Departamental de Cultura del Meta - Red Departamental de Bibliotecas Públicas del Meta.